1935 1009 1086 1896 1203 1318 1824 1526 1627 1824 1517 1973 1162 1842 1867 1729 1256 1190 1034 1936 1879 1298 1700 1192 1221 1042 1259 1678 1549 1074 1167 1216 1542 1767 1491 1815 1956 1073 1937 1982 1281 1897 1039 1962 1093 1002 1840 1685 1626 1959 1153 1487 1887 1765 1826 1982 1771 1647 1451 1398 1644 1806 1621 1866 1942 1363 1598 1203 1411 1307 1714 1344 1166 1295 1599 1162 1094 1726 1459 1961 1415 1494 1175 1497 1665 1824 1093 1864 1158 1877 1851 1000 1007 1660 1318 1867 1945 1747 1058 BCNSPRNW ULIB Ver.6.0+V

เปลี่ยนเป็นภาษาไทย

Change to English
 แสดงรายละเอียดบรรณานุกรม
  กลับหน้าหลัก

Brief Record : Get Marc (ISO 2709) : E-mail record : QR code < ปิดหน้าต่าง
LEADER : 00000nam 2200000uu 4500
001    13399129119
003     ULIB
008    250717s2024||||th 000 0 tha d
020    ^a9781119864684
060 0  ^aWQ240^bL434F
100 1  ^aLeader, Claire
245 1  ^aFundamentals of maternal pathophysiology /^cClaire Leader, Lan Peate
250    ^a1st ed.
260    ^aHoboken, NJ :^bJohn Wiley & Sons,^c2024.
300    ^axx, 421 p. :^bill ;^c25 cm.
650  4 ^aCell physiology
650  4 ^aHomeostasis
650  4 ^aMothers^xPathophysiology
650  4 ^aPhysiology
650  4 ^aPhysiology, Pathological
650  4 ^aPregnancy
650  4 ^aShock
945    ^p1895^l0^i011878
999    ^aประนอม เกษจรัล
รายการนี้ยังไม่มีแท็ก
คุณยังไม่ได้ล็อกอิน คุณสามารถมีกิจกรรมร่วมกับเว็บไซต์ได้ แต่ต้องล็อกอินก่อน ::
  ล็อกอิน

รายการสื่อสารสนเทศ

ลำดับที่ ประเภท เลขเรียก/บาร์โค้ด สถานที่ สถานะ
1. วิทยาศาสตร์การแพทย์ และสุขภาพ
หนังสือสำรอง
สถานะ=หนังสือสำรอง
WQ240 L434F ฉ.1 
  Barcode: 011878
ห้องสมุดวิทยาเขตสวรรค์ประชารักษ์
►หนังสือทั่วไป
บนชั้น

รายการใกล้เคียง
    ผู้แต่ง [Leader, Claire]

    หัวเรื่อง [Cell physiology]
    หัวเรื่อง [Physiology]
    หัวเรื่อง [Physiology, Pathological]
    หัวเรื่อง [Pregnancy]
    หัวเรื่อง [Shock]

BibComment


ยังไม่เคยถูกคอมเมนท์

คอมเมนท์ทรัพยากรรายการนี้
  คอมเมนท์: Fundamentals of ..


 Copyright 2026. Bcnsprnw @Library